Gaming Quiz

Random Gaming or Video Games Quiz

Pokémon Go: Pokémon at Landmarks Quiz Stats

 Plays Quiz not verified by Sporcle

Score 0/20 Timer 04:00
0 Plays Today
% Correct
Pikachu
97.4%
Psyduck
96.9%
Squirtle
94%
Jigglypuff
93.4%
Eevee
93%
Pidgey
89.8%
Caterpie
87.4%
Rattata
86.9%
Zubat
86.4%
Pidgeotto
85.9%
% Correct
Krabby
85.7%
Ponyta
85.3%
Arbok
85.2%
Doduo
84.5%
Clefairy
84.5%
Golbat
82.7%
Venonat
81.6%
Poliwrath
81.4%
Spearow
81.3%
Drowzee
81%

You're not logged in!

Compare scores with friends on all Sporcle quizzes.
OR
Log In

You Might Also Like...

Show Comments

Extras

Top Quizzes Today


Score Distribution

Your Account Isn't Verified!

In order to create a playlist on Sporcle, you need to verify the email address you used during registration. Go to your Sporcle Settings to finish the process.

Report this User

Report this user for behavior that violates our Community Guidelines.

Details: